| 000 | 00396nam a2200157Ia 4500 | ||
|---|---|---|---|
| 003 | LK-CoDNM | ||
| 008 | 010623t1991 xxu||||| |||| 00| 1 sin d | ||
| 040 |
_aLK-CoDNM _dLK-CoDNM _eLK-CoDNM |
||
| 041 | _asin | ||
| 080 | _aX 32 SRI | ||
| 245 | _aඵක්සත් ජාතික පක්ෂය | ||
| 246 | _aUnited National Party | ||
| 260 |
_b _c1991 |
||
| 300 | _b21 cm cm | ||
| 942 | _cBK | ||
| 999 |
_c115239 _d115239 |
||